000 00585nam a2200121Ia 4500
008 220615s9999||||xx |||||||||||||| ||und||
245 4 _aThe Republican Alternative
_bThe Netherlands and Switzerland Compared
546 _aEnglish[eng]
650 _apopular science||wetenschap algemeen
700 _aPrak, Maarten||Maissen, Thomas||Holenstein, André
856 _uhttps://library.oapen.org/bitstream/20.500.12657/35282/1/340047.pdf||https://library.oapen.org/bitstream/20.500.12657/35282/1/340047.pdf||https://library.oapen.org/bitstream/20.500.12657/35282/1/340047.pdf
942 _cEB
999 _c16897
_d16897